| 000 | 00840nam a2200241 a 4500 | ||
|---|---|---|---|
| 005 | 20260110063925.0 | ||
| 008 | 141020s2011 mx r 000 0 spa d | ||
| 020 | _a9786070107481 (México) | ||
| 020 | _a9788476661932 (España) | ||
| 035 | _aUPN01000200313 | ||
| 049 | _aCG | ||
| 050 | 4 |
_aLC149 _bA4.5 |
|
| 245 | 0 | 0 |
_aAlfabetización y educación básica de jóvenes y adultos / _ccoord. Mariano Jabonero. |
| 260 |
_aMéxico : _bOEI : _bFundación Santillana, _c2011. |
||
| 300 |
_a230 p. : _bcuadros |
||
| 440 | 0 | _aMetas educativas 2021 | |
| 500 | _aEn la cubierta: La educación que queremos para la generación de los bicentenarios | ||
| 650 | 4 |
_aAlfabetización (Educación) _91831 |
|
| 650 | 4 |
_aEducación básica _97340 |
|
| 700 | 1 |
_aJabonero Blanco, Mariano, _d1953- _ecoord. _932382 |
|
| 905 | _aLibro | ||
| 999 |
_c172414 _d172414 |
||